[Event "Ankara Ipek Memorial 7th"]
[Site "Ankara"]
[Date "2019.03.09"]
[Round "4"]
[White "Subasi, Fidel"]
[Black "Taspinar, Yanki"]
[Result "0-1"]
[WhiteElo "1692"]
[BlackElo "1792"]
[PlyCount "66"]
[EventDate "2019.03.06"]
[EventType "swiss"]
[EventRounds "7"]
[EventCountry "TUR"]
[SourceTitle "CBM 189 Extra"]
[Source "ChessBase"]
[SourceDate "2019.05.31"]
[SourceVersion "1"]
[SourceVersionDate "2019.05.31"]
[SourceQuality "1"]

1. d4 Nf6 2. Nc3 d5 3. Bf4 e6 4. e3 c6 5. Bd3 Be7 6. Nf3 Nbd7 7. e4 dxe4 8. Nxe4 Nxe4 9. Bxe4 Nf6 10. Bd3 0-0 11. c3 Nd5 12. Be5 Bf6 13. Qc2 g6 14. h4 Bxe5 15. dxe5 f5 16. 0-0-0 Qe7 17. Qd2 h5 18. Ng5 Kg7 19. Bc2 b5 20. g3 Bb7 21. f3 Rad8 22. g4 fxg4 23. fxg4 hxg4 24. Qe2 Rf4 25. Qd3 Rf5 26. Rdg1 c5 27. Rh2 Nf4 28. Qe3 Nd5 29. Qe2 Rxg5 30. hxg5 Qxg5+ 31. Kb1 g3 32. Qf3 Nxc3+ 33. Qxc3 gxh2 0-1

[Event "Hatay op 10th"]
[Site "Hatay"]
[Date "2018.09.07"]
[Round "6"]
[White "Subasi, Fidel"]
[Black "Barutcu, Sevil"]
[Result "1-0"]
[WhiteElo "1659"]
[BlackElo "1298"]
[PlyCount "77"]
[EventDate "2018.09.02"]
[EventType "swiss"]
[EventRounds "9"]
[EventCountry "TUR"]
[SourceTitle "CBM 186 Extra"]
[Source "ChessBase"]
[SourceDate "2018.08.24"]
[SourceVersion "1"]
[SourceVersionDate "2018.08.24"]
[SourceQuality "1"]

1. d4 Nf6 2. Bf4 d6 3. Nc3 Bf5 4. g3 c6 5. Bg2 d5 6. Nf3 g6 7. 0-0 Bg7 8. a4 0-0 9. a5 Na6 10. Nh4 Be6 11. Be5 Qd7 12. Re1 h6 13. Na4 Rfc8 14. b4 Ng4 15. Bxg7 Kxg7 16. Nc5 Nxc5 17. bxc5 a6 18. Rb1 Rab8 19. Rb6 Nf6 20. Qd3 Bh3 21. Reb1 Bxg2 22. Kxg2 Ne4 23. Nf3 Ng5 24. Qe3 Ne6 25. Ne5 Qc7 26. c3 Qd8 27. h4 Nc7 28. h5 g5 29. Rxb7 Rxb7 30. Rxb7 Nb5 31. Rb6 Na7 32. Rxa6 Rc7 33. Rxa7 Rxa7 34. Nxc6 Qc7 35. Nxa7 Qxa7 36. Qe5+ Kg8 37. c6 Qxa5 38. c7 Qa8 39. Qxe7 1-0

[Event "Ankara Baskent Univ op-B 3rd"]
[Site "Ankara"]
[Date "2018.09.01"]
[Round "9"]
[White "Subasi, Fidel"]
[Black "Celik, Meric"]
[Result "1/2-1/2"]
[WhiteElo "1659"]
[BlackElo "1471"]
[PlyCount "21"]
[EventDate "2018.08.27"]
[EventType "swiss"]
[EventRounds "9"]
[EventCountry "TUR"]
[SourceTitle "EXT 2021"]
[Source "ChessBase"]
[SourceDate "2020.10.23"]
[SourceVersion "1"]
[SourceVersionDate "2020.10.23"]
[SourceQuality "1"]

1. d4 f5 2. Bg5 g6 3. h4 Bg7 4. e3 d6 5. Nc3 h6 6. Bf4 Nf6 7. Nf3 0-0 8. Bd3 c6 9. Qd2 d5 10. Ne5 Qe8 11. f3 1/2-1/2

[Event "Ankara Baskent Univ op-B 3rd"]
[Site "Ankara"]
[Date "2018.08.30"]
[Round "7"]
[White "Durmaz, Ferhat"]
[Black "Subasi, Fidel"]
[Result "0-1"]
[WhiteElo "1565"]
[BlackElo "1659"]
[PlyCount "50"]
[EventDate "2018.08.27"]
[EventType "swiss"]
[EventRounds "9"]
[EventCountry "TUR"]
[SourceTitle "EXT 2021"]
[Source "ChessBase"]
[SourceDate "2020.10.23"]
[SourceVersion "1"]
[SourceVersionDate "2020.10.23"]
[SourceQuality "1"]

1. d4 e6 2. e4 d5 3. exd5 exd5 4. Bd3 c5 5. c3 Nf6 6. Ne2 Bd6 7. Bf4 0-0 8. 0-0 Bg4 9. Bxd6 Qxd6 10. f3 Be6 11. Nd2 Re8 12. dxc5 Qxc5+ 13. Nd4 Nc6 14. N2b3 Qb6 15. Bc2 Ne5 16. Kh1 Nc4 17. Qc1 Bd7 18. Bd3 Re5 19. Bxc4 dxc4 20. Qf4 Rae8 21. Nd2 Qxb2 22. h3 Nh5 23. Qxe5 Rxe5 24. Nxc4 Qxc3 25. Nxe5 Ng3+ 0-1